Представление документа в формате RUSMARC

ПолеНазваниеЗначение
  Тип записи a
  Библиографический уровень m
001 Контрольный номер f9e0fd9105cd4033bf39c5bcf5c565e5
005 Дата корректировки 20260602162230.9
100 Данные общей обработки __
a Данные общей обработки 20260602d2026 ma y0rusy028902 ca
101 Язык документа 0_
a Язык текста eng
a Язык текста rus
102 Страна публикации __
a Страна публикации RU
105 Кодированные данные (монография) __
a Кодированные данные (монография) a j 000zy
181 Поле кодированных данных: вид содержания _0
a Код вида содержания (ISBD) i
182 Поле кодированных данных: тип средства _0
a Код типа средства (ISBD) n
200 Заглавие и сведения об ответственности 1_
a Заглавие Use your music! Учим английский по песням
f Первые сведения об ответственности Анастасия Иванова
g Последующие сведения об ответственности [иллюстрации К. Рыбаковой и др.]
203 Вид содержания и тип средства __
a Вид содержания Текст
c Тип средства непосредственный
210 Выходные данные 1_
a Место издания Ростов-на-Дону
c Издательство Феникс
d Дата издания 2026
225 Серия 2_
a Серия Серия "Use your English"
330 Аннотация __
a Аннотация Эта книга для всех, кто любит слушать музыку, петь и танцевать. Песни в данном сборнике наверняка вам известны. Здесь есть композиции Адель, Бейонсе, Пинк, Алиши Киз, Ареты Франклин, Долли Партон, The Pussycat Dolls, Кэти Перри. Но можете ли вы подпевать исполнительницам от начала и до конца? Песни - отличный инструмент для прокачки сразу нескольких навыков английского. Словарный запас тоже растет, да и можно понять некоторые грамматические структуры. В этом сборнике 15 известных песен про женщин; 15 словариков; 15 наборов мини-заданий для закрепления лексики и грамматики; комментарии от автора, с помощью которых у вас точно получится всё понять и запомнить. После работы со сборником Use Your Music! вы сможете подпевать песням на английском и довести до автоматизма использование многих словосочетаний и грамматических конструкций. Обратите внимание, что это линейка книг, не пропускайте другие части. Сборники отлично подойдут для уровней А1-В2.
333 Примечание о целевом назначении __
a Примечание о целевом назначении 16+. Для детей старше 16 лет
517 Другие варианты заглавия 1_
a Другие варианты заглавия Use your English
606 Тематические рубрики __
2 Код системы nlr_sh
a Основная рубрика Художественная литература
606 Тематические рубрики __
2 Код системы nlr_sh
a Основная рубрика Германские языки
610 Ключевые слова 0_
a Ключевые слова английский язык
610 Ключевые слова 0_
a Ключевые слова изучение английского языка
610 Ключевые слова 0_
a Ключевые слова английская лексика
610 Ключевые слова 0_
a Ключевые слова английская грамматика
610 Ключевые слова 0_
a Ключевые слова песни на английском языке
610 Ключевые слова 0_
a Ключевые слова поп-музыка
610 Ключевые слова 0_
a Ключевые слова тексты песен
686 Индексы других классификаций __
2 Код системы rubbks
a Классификационный индекс 81.432.1я7
700 Автор _1
a Фамилия Иванова
b Имя А. М.
g Полное личное имя Анастасия Михайловна
4 Код отношения 070
702 Вторичная интеллектуальная ответственность _1
a Фамилия Рыбакова
b Имя К.
4 Код отношения 440
801 Источник записи _0
a Страна RU
b Организация Муниципальное бюджетное учреждение культуры "Централизованная библиотечная система" г. Сургут (Центральная городская библиотека им. А. С. Пушкина)
c Дата составления 20260602
g Правила каталогизации PSBO
801 Источник записи _1
a Страна RU
b Организация Муниципальное бюджетное учреждение культуры "Централизованная библиотечная система" г. Сургут (Центральная городская библиотека им. А. С. Пушкина)
c Дата составления 20260602
g Правила каталогизации PSBO
852 Данные о местонахождении __
i Авторский знак И 20
j Шифр хранения 81.432.1я7
901 Тип документа __
a Ответственный КиК/Обаева
t Тип документа v
901 Тип документа __
a Ответственный 6 партия
903 Характеристики (МАРС) __
a Дата передачи 20260602
c Наименование библиотеки (МАРС) Муниципальное бюджетное учреждение культуры "Централизованная библиотечная система" г. Сургут (Центральная городская библиотека им. А. С. Пушкина)